Fenomén korupcie a protikorupčnej politiky a ich vplyv na fungovanie ekonomiky Ukrajiny bakalárska práca

Na minha lista:
Detalhes bibliográficos
Autor principal: Dutchuk, Anatolii
Autor Corporativo: Fakulta medzinárodných vzťahov EU. Katedra medzinárodných ekonomických vzťahov a hospodárskej diplomacie
Outros Autores: Dziura, Boris, 1976-
Formato: Livro
Idioma:eslovaco
Publicado em: Bratislava 2024
Tags: Adicionar Tag
Sem tags, seja o primeiro a adicionar uma tag!

MARC

LEADER 00000nbm a2200000 4500
001 0309509
005 20260114123843.3
041 0 |a slo 
044 |a SK 
245 1 0 |a Fenomén korupcie a protikorupčnej politiky a ich vplyv na fungovanie ekonomiky Ukrajiny  |b bakalárska práca  |c Anatolii Dutchuk ; školiteľ: Boris Dziura 
264 1 |a Bratislava  |c 2024 
300 |a 39 s. 
100 1 |a Dutchuk, Anatolii 
700 1 |a Dziura, Boris, 1976- 
710 2 |a Fakulta medzinárodných vzťahov EU. Katedra medzinárodných ekonomických vzťahov a hospodárskej diplomacie